Biurnt: (Record no. 1464831)

MARC details
000 -LEADER
fixed length control field 00864 a2200253 4500
005 - DATE AND TIME OF LATEST TRANSACTION
control field 20251121144300.0
008 - FIXED-LENGTH DATA ELEMENTS--GENERAL INFORMATION
fixed length control field 251121b |||||||| |||| 00| 0 eng d
020 ## - INTERNATIONAL STANDARD BOOK NUMBER
International Standard Book Number 9789354427626 (pbk)
037 ## - SOURCE OF ACQUISITION
Terms of availability TB
040 ## - CATALOGING SOURCE
Original cataloging agency CRL
Transcribing agency CRL
041 ## - LANGUAGE CODE
Source of code eng
Language code of text/sound track or separate title eng
Language code of original Ori
084 ## - COLON CLASSIFICATION NUMBER
Classification number O1591,3N62,BU 111R5
Assigning agency CRL
100 ## - MAIN ENTRY--PERSONAL NAME
Personal name Sunani, Basudev
9 (RLIN) 848713
245 ## - TITLE STATEMENT
Title Biurnt:
Remainder of title beyond return
260 ## - PUBLICATION, DISTRIBUTION, ETC.
Place of publication, distribution, etc. New Delhi, India:
Name of publisher, distributor, etc. Orient Blackswan Private Limited,
Date of publication, distribution, etc. 2025.
300 ## - PHYSICAL DESCRIPTION
Extent xxvi, 261p.
365 ## - TRADE PRICE
Price amount 835.00
Currency code INR
546 ## - LANGUAGE NOTE
Language note Translated from Oriya to English
650 ## - SUBJECT ADDED ENTRY--TOPICAL TERM
Topical term or geographic name entry element Oriya Literature
9 (RLIN) 852836
650 ## - SUBJECT ADDED ENTRY--TOPICAL TERM
Topical term or geographic name entry element Oriya Fiction
9 (RLIN) 852837
650 ## - SUBJECT ADDED ENTRY--TOPICAL TERM
Topical term or geographic name entry element Caste
9 (RLIN) 852838
942 ## - ADDED ENTRY ELEMENTS (KOHA)
Koha item type Textbook
Source of classification or shelving scheme Colon Classification (CC)
Suppress in OPAC No
Classification part O1591,3N62,BU 111R5
Holdings
Withdrawn status Lost status Source of classification or shelving scheme Damaged status Not for loan Home library Current library Date acquired Source of acquisition Cost, normal purchase price Inventory number Total Checkouts Full call number Barcode Date last seen Cost, replacement price Price effective from Koha item type
    Colon Classification (CC)     Central Library Central Library 2025-11-06 53/ Pioneer Books Distributors 668.00 101 & 2025-10-31   O1591,3N62,BU 111R5 CL1924496 2025-11-06 835.00 2025-11-06 Textbook
Copyright @ Delhi University Library System